000 01070nmc a2200361 a 4500
003 AR-BaBNM
005 20251128203906.0
008 011101s1994 ||||||||||||||000 | spa||
020 _a950-16-3048-X
040 _cAR-BaBNM
100 1 _aAguerrondo, Inés
245 1 0 _aEl planeamiento educativo como instrumento de cambio
_bmateriales para su reconceptualización
250 _a3ª ed.
260 _aBuenos Aires
_bTroquel
_c1994
300 0 _a127 p.
490 0 _aTroquel educación
504 _aContiene bibliografía al final de cada capítulo
650 4 _aPOLITICA EDUCATIVA
650 4 _aADMINISTRACION DE LA EDUCACION
650 4 _aPARTICIPACION
650 4 _aPLANES EDUCACIONALES
650 4 _aCURRICULO
650 4 _aUTILIZACION DE LA INFORMACION
651 4 _aAmérica Latina
653 0 _aINFORMACION EDUCATIVA
653 0 _aINVESTIGACION EDUCATIVA
653 0 _aGESTION EDUCATIVA
653 0 _aPLANEAMIENTO EDUCATIVO
700 1 _aJacob, Esther
_eeditor
800 1 _aJacob, Esther
_edirector
942 _cBK
998 _cMarce
999 _c5361
_d5361